000 00368nam a2200157Ia 4500
008 160316s1997 xxu||||| |||| 00| 0 eng d
082 _a344.013400
_bBUT
100 _a
245 _aMy name is today: Children in News
250 _a
260 _aNew Delhi
_bButterflies
_c1997
300 _a136
_b
_c
365 _b
650 _a1. Street Children
700 _a
_a
999 _c35529
_d35529